Bài tập hóa học đại cương Nguyễn Khanh

Gardado en:
Detalles Bibliográficos
Autor Principal:  Nguyễn, Khanh
Formato: Sách
Idioma:Undetermined
Publicado:  Bách khoa - Hà Nội  2011
Những chủ đề:
Các nhãn: Engadir etiqueta
Sen Etiquetas, Sexa o primeiro en etiquetar este rexistro!
Thư viện lưu trữ: Trung tâm Thư viện - Trường Đại học Công nghiệp TP. Hồ Chí Minh
LEADER 00508nam a2200157Ia 4500
001 UIH_02521
008 231011s9999 xx 000 0 und d
082 |a  540 
100 |a  Nguyễn, Khanh 
245 0 |a  Bài tập hóa học đại cương Nguyễn Khanh 
245 0 |c  Nguyễn, Khanh 
260 |b  Bách khoa - Hà Nội 
260 |c  2011 
650 |a  Hóa học;  
927 |a Sách 
980 |a Trung tâm Thư viện - Trường Đại học Công nghiệp TP. Hồ Chí Minh